| 000 | 00775nam a22002654a 4500 | ||
|---|---|---|---|
| 999 |
_c7507 _d7507 |
||
| 001 | 991001234659706706 | ||
| 003 | OSt | ||
| 005 | 20211209114719.0 | ||
| 008 | 910204s1978 ve |||||| |00| ||spa|c | ||
| 035 | _a(ES-BaCBU)b10274789-34csuc_network | ||
| 035 | _a(ES-BaCBU).b10274789 | ||
| 035 | _a(ccuc001)b10274789 | ||
| 035 | _a(OCoLC)801875054 | ||
| 040 |
_aES-BaCBU _bcat _cCDMR |
||
| 080 | _a070.1 | ||
| 100 | 1 |
_aÁlvarez, Federico _91547 |
|
| 245 | 1 | 3 |
_aLa información contemporánea / _cFederico Alvarez |
| 260 |
_aCaracas : _bContexto edits, _c1978 |
||
| 300 |
_a185 p. ; _c21 cm |
||
| 505 | 8 | _aInclou bibliografia | |
| 650 | 0 | 4 | _aInformació |
| 907 |
_a.b10274789 _b23-06-21 _c06-05-08 _d04-02-91 _em _fa _g- _hspa _ive _j3 _k1 |
||
| 908 | _aUAB | ||
| 942 |
_2udc _cMON |
||